000 00785nam a2200241Ia 4500
003 OSt
005 20220918200630.0
006 a|||||r|||| 00| 0
007 ta
008 220917b |||||||| |||| 00| 0 eng d
024 _a89,652
037 _cTextual
040 _aARTS
_cARTS
_beng
041 _2eng
_aeng
082 _aU28(D54)p1:N62, K3
110 _aInternational Symposium 1, On Rocket And Satellite Meteorology, 1962 (Washington)
_994962
245 0 _aRocket and Satellite meteorology; Proceedings ed H Wexler and J E Caskey Jt.
260 _c1963
650 _aGEOGRAPHY
700 _aInternational Symposium 1, On Rocket And Satellite Meteorology, 1962 (Washington)
_994963
942 _hU28(D54)p1:N62, K3
_cTEXL
_2CC
999 _c213321
_d213321